Islands of Malesia and Papuasia on a Map - Statistics

General Stats
  • This quiz has been taken 19 times
  • The average score is 26 of 74
Answers on the Map
Answers color-coded by a green-red scale on the quiz's map according to % correct below.
 
Answer Stats
Island Country % Correct
Borneo Indonesia, Malaysia, Brunei
94%
Java Indonesia
94%
New Guinea Indonesia, Papua New Guinea
94%
Sumatra Indonesia
88%
Timor Indonesia, East Timor
88%
New Britain Papua New Guinea
81%
New Ireland Papua New Guinea
81%
Bali Indonesia
75%
Cebu Philippines
75%
Luzon Philippines
75%
Sulawesi Indonesia
75%
Mindanao Philippines
69%
Bougainville Papua New Guinea
63%
Bangka Indonesia
56%
Palawan Philippines
56%
Flores Indonesia
50%
Lombok Indonesia
50%
Negros Philippines
50%
Samar Philippines
50%
Mindoro Philippines
44%
Nias Indonesia
44%
Panay Philippines
44%
Seram Indonesia
44%
Sumba Indonesia
44%
Belitung Indonesia
38%
Bohol Philippines
38%
Halmahera Indonesia
38%
Leyte Philippines
38%
Madura Indonesia
38%
Sumbawa Indonesia
38%
Yos Sudarso Indonesia
38%
Manus Papua New Guinea
31%
Bunguran Indonesia
25%
Buru Indonesia
25%
Buton Indonesia
25%
Malaita Solomon Islands
25%
Masbate Philippines
25%
Siberut Indonesia
25%
Simeulue Indonesia
25%
Wetar Indonesia
25%
Yamdena Indonesia
25%
Alor Indonesia
19%
Basilan Philippines
19%
Catanduanes Philippines
19%
Fergusson Papua New Guinea
19%
Guadalcanal Solomon Islands
19%
Kobroor Indonesia
19%
Makira Solomon Islands
19%
Misool Indonesia
19%
New Georgia Solomon Islands
19%
New Hanover Papua New Guinea
19%
Normanby Papua New Guinea
19%
Padang Indonesia
19%
Tebing Tinggi Indonesia
19%
Waigeo Indonesia
19%
Bacan Indonesia
13%
Biak Indonesia
13%
Bintan Indonesia
13%
Choiseul Solomon Islands
13%
Laut Indonesia
13%
Lembata Indonesia
13%
Mangole Indonesia
13%
Morotai Indonesia
13%
Muna Indonesia
13%
Obi Indonesia
13%
Peleng Indonesia
13%
Rote Indonesia
13%
Rupat Indonesia
13%
Salawati Indonesia
13%
Santa Isabel Solomon Islands
13%
Taliabu Indonesia
13%
Trangan Indonesia
13%
Wokam Indonesia
13%
Yapen Indonesia
13%
No matching quizzes found
Score Distribution
Percent of People with Each Score
Percentile by Number Answered
Your Score History
You have not taken this quiz